000 00238 a2200097 4500
001 14203
100 _aHornby A.S
245 _aA guide to patterns usage in English
260 _aLondon
_bOxford university press
_c
090 _c11146
_d11146
942 _aNUST-CAE
_cM
_c1277
999 _c249276
_d249276